Grandes civilizaciones. América

Bibliographic Details
Main Author: España. Espasa Calpe
Format: Section = Libro
Language:Undetermined
Spanish
Published: España Espasa Calpe, S.A. 2005
Subjects:
LEADER 00690nam a2200217Ia 4500
008 240829s9999 xx 000 0 und d
020 |a 84-670-1529-2 
040 |a BIBLIOTECA-RUSB/ Ref 909 E77 
041 |a spa 
082 |a Ref 909 E77 
100 1 |a España. Espasa Calpe 
245 1 0 |a Grandes civilizaciones. América 
260 |a España  |b Espasa Calpe, S.A.  |c 2005 
300 |a 223 p. :il. 
650 7 |a CIVILIZACION - AMERICA 
650 7 |b  CIVILIZACION - CULTURA - ECONOMIA - ARTE - ARQUITECTURA 
650 7 |c  CIVILIZACION AZTECA - ECONOMIA RELIGIO ARQUITECTURA 
650 7 |d  CIVILIZACION INCA - ARQUITECTURA RELIGION, AGRICULTURA 
942 |c BK  |2 ddc 
991 |a TEXTO 
999 |c 6686